LEADER 01202nam a2200289 u 4500 001 000000059177 003 CaOOAMICUS 005 20070226120755.0 008 010625s1978 it u000 u ita u 035 $a10893872 040 $aPUL(R)$bita 041 1 $aita$hfre 100 1 $aDelumeau, Jean,$d1923-$0(OLS)http://pul/name/12530 240 10$aChristianisme va-t-il mourir?.$lItaliano.$0(OLS)http://pul/title/79267 245 13$aIl Cristianesimo sta per morire? /$cJean Delumeau ; prefazione di Vittorio Messsori. 260 $aTorino :$bSocietà editrice internazionale,$c1978. 300 $a197 p. ;$c19 cm 490 1 $aSaggi 504 $aBibliografia in nota. 650 4$aReligione.$0(OLS)http://pul/subject/4402 650 4$aFede.$0(OLS)http://pul/subject/668 830 0$aSaggi (Il Mulino).$0(OLS)http://pul/title/7843 850 $aPUL 852 $aPUL$W1$xDP1 Altre Collocazioni$y17$mSenza collocazione$j12$nBK-PRI$b $qStampati$B77205$CPULBib$Z2$F77205 $H $81 941 1 $a8 996 $6245$aIl Cristianesimo sta per morire?$9(OLS)http://pul/title/79268 996 $6260$aTorino :$bSocietà editrice internazionale$9(OLS)http://pul/publisher/48156 LEADER 01271nam a2200313 a 4500 001 000000161698 003 CaOOAMICUS 005 20170706113607.0 008 170706s2016 be f u000 u lat r 020 $a978-2-503-56820-1* 032 $aLibriCat 040 $aPUL$bita 041 0 $alat$aita 245 00$aVita Fulgentii$ccura et studio Antonino Isola. 260 $aTurnhout :$bBrepols,$c2016. 300 $a239 p., [2] p. di tav. ;$c25 cm. 490 1 $aCorpus Christianorum.$aSeries Latina ;$v91F 500 $aComprende riferimenti bibliografici e indice. 546 $aIntroduzione in italiano, testo in latino. 600 04$aFulgentius Ruspensis,$cs.,$d468-533.$0(OLS)http://pul/subject/8026 700 1 $aIsola, Antonino.$0(OLS)http://pul/name/9710 830 0$aCorpus Christianorum.$pSeries Latina ;$v91F.$0(OLS)http://pul/title/474 850 $aPUL 852 $aPUL$W1$xSL Cons. Gen., Altre Classi 1$y1$m2008 A 1.91F$j185674$qStampati$B188890$CPULBib$Z2$F188890 $H129944 $81 941 1 $a8 996 $6020$a978-2-503-56820-1*$9(OLS)http://pul/number/162959 996 $6245$aVita Fulgentii$9(OLS)http://pul/title/201456 996 $6260$aTurnhout :$bBrepols$9(OLS)http://pul/publisher/47850